000 02254nam0a2200457 4500
001 RU\NLR\BIBL_A\022302390
005 20260420013506.0
010 _a978-5-00236-376-6
_9500
021 _aRU
_bКН-П-24-039322
_9КН-П-24-3911
035 _a(NLR Aleph) 022302390
090 _a13663058
_c13663058
100 _a20240819d2024 k y0rusy50 ca
101 0 _arus
_deng
102 _aRU
105 _aa|||z|||000yy
181 0 _ai3
_baxxe
182 0 _an
200 1 _aСовременная наука: актуальные вопросы, достижения и инновации
_eмонография
_fАменицкая Л. А., Аменицкий А. В., Аменицкий Д. А. [и др.]
_gпод общ. ред. Г. Ю. Гуляева
_gМеждународный центр научного сотрудничества "Наука и просвещение"
203 _aТекст
_bвизуальный
_cнепосредственный
210 _aПенза
_cНаука и просвещение
_d2024
215 _a188 с.
_cил., табл.
_d21
300 _aАвт. указаны на обороте тит. с.
300 _aРез. англ.
320 _aБиблиогр. в конце гл.
333 _a16+
606 1 _aОбразование
_91614809
_3RU\NLR\AUTH\661010307
606 1 _aТехнологические процессы инновационные
_92105813
_3RU\NLR\AUTH\661576729
606 1 _aЭкономика
_91414491
_3RU\NLR\AUTH\66284709
686 1 _aЧ34(2Р)
686 1 _aЖ6
686 1 _aУ
701 1 _aАменицкая
_bЛ. А.
_gЛюбовь Алексеевна
701 1 _aАменицкий
_bА. В.
_gАлексей Владимирович
701 1 _aАменицкий
_bД. А.
_f1873-
_gДмитрий Александрович
702 1 _aГуляев
_bГ. Ю.
_f1988-
_gГерман Юрьевич
_4340
712 0 2 _4475
_a"Наука и просвещение", международный центр научного сотрудничества
_cПенза
_9669536
_3RU\NLR\AUTH\880504801
942 _cBOOK
980 _aNB